Normal view
MARC view
- القضاء الاداري - الحاكم الاداري
Entry Topical Term
001 - CONTROL NUMBER
- control field: 66506
003 - CONTROL NUMBER IDENTIFIER
- control field: JO-AjAnu
005 - DATE AND TIME OF LATEST TRANSACTION
- control field: 20250315104849.0
008 - FIXED-LENGTH DATA ELEMENTS
- fixed length control field: 250315|| aca||babn | a|a d
040 ## - CATALOGING SOURCE
- Original cataloging agency: JO-AjAnu
150 ## - HEADING--TOPICAL TERM
- Topical term or geographic name entry element: القضاء الاداري - الحاكم الاداري